| 000 -LEADER |
| fixed length control field |
01242 a2200193 4500 |
| 008 - FIXED-LENGTH DATA ELEMENTS--GENERAL INFORMATION |
| fixed length control field |
230622b ||||| |||| 00| 0 eng d |
| 020 ## - INTERNATIONAL STANDARD BOOK NUMBER |
| International Standard Book Number |
9789354243431 |
| Terms of availability |
Rs879.00 |
| 041 0# - LANGUAGE CODE |
| Language code of text/sound track or separate title |
eng |
| 082 00 - DEWEY DECIMAL CLASSIFICATION NUMBER |
| Classification number |
658.5 |
| Item number |
V694 |
| 100 ## - MAIN ENTRY--PERSONAL NAME |
| Personal name |
Vijayaraghavan, T. A. S. |
| 245 ## - TITLE STATEMENT |
| Title |
Supply Chain Analytics / |
| 260 ## - PUBLICATION, DISTRIBUTION, ETC. (IMPRINT) |
| Place of publication, distribution, etc |
New Delhi: |
| Name of publisher, distributor, etc |
Wiley india pvt. ltd., |
| Date of publication, distribution, etc |
2023. |
| 300 ## - PHYSICAL DESCRIPTION |
| Extent |
xxvii, 522 p. : |
| Other physical details |
ill. ; |
| Dimensions |
28 cm |
| 490 0# - SERIES STATEMENT |
| Series statement |
Wiley Analytics Series for Management |
| 520 ## - SUMMARY, ETC. |
| Summary, etc |
Supply Chain Analytics is a structured collation of important analytical tools and techniques that specifically addresses critical decision areas in warehousing, inventory, and transportation in supply chain management, which are mostly available in some technical academic papers and proceedings of conferences and so will be very helpful to find them all in one book. This book explains various practical application methods in a lucid manner so that any student with basic understanding of Decision Sciences will be able to understand popular analytical tools and techniques useful in supply chain management areas. |
| 650 #0 - SUBJECT ADDED ENTRY--TOPICAL TERM |
| Topical term or geographic name as entry element |
Business Logistics |
| 700 ## - ADDED ENTRY--PERSONAL NAME |
| 9 (RLIN) |
5531 |
| Personal name |
Christie, P. |
| Relator term |
Foreworder |
| 942 ## - ADDED ENTRY ELEMENTS (KOHA) |
| Source of classification or shelving scheme |
|
| Item type |
Books |